000
00334cam a2200145ua 4500
041
_a
eng
_h
082
_a
823.301
_b
HOL/RO
100
_a
Holroyd, George N .
245
_a
Robinhood and his merrie man
260
_a
London :
_b
E J Arnold & Son Ltd ,
_c
1992.
300
_a
96 ; .
504
_a
942
_c
BK
999
_c
2686
_d
2686